[Event "Bad Woerishofen op"]
[Site "?"]
[Date "2003.??.??"]
[Round "6"]
[White "Feicht, Roland"]
[Black "Glas, Stefan"]
[Result "1/2-1/2"]
[WhiteElo "1516"]
[BlackElo "2096"]
[Annotator "ChessOrg"]
[PlyCount "68"]

1. e4 c5 2. Nf3 e6 3. Nc3 Nc6 4. Bc4 a6 5. a4 Qc7 6. Ba2 Nf6 7. d3 Be7 8. O-O
O-O 9. Re1 d6 10. Bg5 b6 11. Rc1 Bb7 12. h3 Rfe8 13. Bf4 Nd7 14. g4 Rac8 15.
Bg3 Nde5 16. Nd2 Ng6 17. Ne2 Qd8 18. f4 Bh4 19. Rf1 Bxg3 20. Nxg3 Nb4 21. Bb3
b5 22. Qe2 d5 23. c3 Nc6 24. axb5 axb5 25. Qf2 c4 26. dxc4 dxc4 27. Bc2 e5 28.
Nh5 exf4 29. Nxf4 Nce5 30. Nxg6 hxg6 31. Rcd1 Qe7 32. Nf3 f6 33. Nxe5 Qxe5 34.
Rd4 g5 1/2-1/2

[Event "Bad Woerishofen op"]
[Site "?"]
[Date "2003.??.??"]
[Round "6"]
[White "Schaumann, Rudolf"]
[Black "Sanna, Giuseppe"]
[Result "0-1"]
[WhiteElo "1283"]
[BlackElo "1647"]
[Annotator "ChessOrg"]
[PlyCount "26"]

1. e4 d6 2. Nf3 Nf6 3. d3 Bg4 4. h3 Bh5 5. Nc3 c6 6. Be2 Nbd7 7. Be3 e5 8. Qd2
d5 9. Nd1 dxe4 10. g4 Bg6 11. Nh4 exd3 12. Bxd3 Bxd3 13. Qxd3 Nxg4 0-1

[Event "Bad Woerishofen op"]
[Site "?"]
[Date "2003.??.??"]
[Round "6"]
[White "Weber, Ludwig"]
[Black "Steffl, Herbert"]
[Result "1-0"]
[WhiteElo "1460"]
[BlackElo "1639"]
[Annotator "ChessOrg"]
[PlyCount "117"]

1. d3 d5 2. Nd2 Nf6 3. c3 e6 4. h3 Bd6 5. Qc2 Nc6 6. Ndf3 h6 7. Bd2 Bd7 8. e4
dxe4 9. dxe4 e5 10. O-O-O a5 11. Kb1 Qe7 12. Ne2 a4 13. g4 Be6 14. Ng3 g6 15.
Be3 a3 16. b3 Kf8 17. Nd2 Bc5 18. Bxc5 Qxc5 19. Nf3 b5 20. Bg2 Kg7 21. Ne1 Ra6
22. Nd3 Qa7 23. f4 Na5 24. f5 Bc4 25. Nxe5 Qe3 26. Nf1 Qf4 27. Nd3 Bxd3 28.
Rxd3 Qe5 29. Ne3 c5 30. Rd2 Rb8 31. Nd5 c4 32. b4 Nc6 33. Nxf6 Qxf6 34. Rhd1
Ne5 35. Rf1 g5 36. Rfd1 Rbb6 37. Rd5 Nd3 38. Bf1 Ne5 39. Be2 Ra8 40. Qd2 Rc8
41. Kc2 Re8 42. Rc5 Reb8 43. Qd5 Re8 44. Rxb5 Rxb5 45. Qxb5 Nc6 46. Qxc4 Rb8
47. b5 Na7 48. Qa4 Qb6 49. c4 Qe3 50. Rd2 Qxe4+ 51. Bd3 Qe7 52. Kb3 Nc6 53.
Qxa3 Nd4+ 54. Kb2 Qe3 55. Qc3 Kg8 56. Bf1 Qe1 57. Rxd4 Qxf1 58. a4 Qe2+ 59. Rd2
1-0

[Event "Bad Woerishofen op"]
[Site "?"]
[Date "2003.??.??"]
[Round "6"]
[White "Bretscher, Robert"]
[Black "Klein, Thomas"]
[Result "1/2-1/2"]
[WhiteElo "1635"]
[BlackElo "1547"]
[Annotator "ChessOrg"]
[PlyCount "54"]

1. e4 c5 2. Nf3 e6 3. d4 cxd4 4. Nxd4 a6 5. Be2 d6 6. O-O Be7 7. Kh1 b6 8. f4
Bb7 9. Nc3 Nd7 10. f5 e5 11. Nb3 Ngf6 12. Bf3 Rc8 13. Qe1 Nc5 14. Bg5 h6 15.
Bh4 Nh7 16. Bxe7 Qxe7 17. Rd1 Ng5 18. Nd5 Qd8 19. Bg4 h5 20. Bf3 Nxf3 21. Rxf3
Nd7 22. c3 Nf6 23. Qg3 Kf8 24. Qe1 h4 25. h3 Nxd5 26. exd5 Qg5 27. Qf2 Qd8
1/2-1/2

[Event "Bad Woerishofen op"]
[Site "?"]
[Date "2003.??.??"]
[Round "6"]
[White "Dittler, Volkfried"]
[Black "Hegel, Pius"]
[Result "1-0"]
[WhiteElo "1500"]
[BlackElo "1619"]
[Annotator "ChessOrg"]
[PlyCount "73"]

1. d4 d5 2. Nf3 c6 3. e3 Nf6 4. Nbd2 Bg4 5. Be2 e6 6. O-O Qc7 7. c4 Nbd7 8. Qc2
Be7 9. e4 Nxe4 10. cxd5 Nxd2 11. Bxd2 exd5 12. Rfe1 Be6 13. Ng5 Bxg5 14. Bxg5
h6 15. Bh4 O-O 16. Bh5 Qf4 17. g3 Qxd4 18. Rad1 Qb4 19. Re3 g5 20. Rxe6 fxe6
21. Qg6+ Kh8 22. Qxh6+ Kg8 23. Qxe6+ Kh8 24. Qh6+ Kg8 25. Qxg5+ Kh8 26. Qh6+
Kg8 27. Qe6+ Kh8 28. Qxd7 Qe4 29. Qg4 Qc2 30. Qd4+ Kh7 31. Qd3+ Qxd3 32. Rxd3
Rf5 33. g4 Re5 34. f4 Re2 35. Bf6 Re4 36. Rh3 Kg8 37. Bg6 1-0

[Event "Bad Woerishofen op"]
[Site "?"]
[Date "2003.??.??"]
[Round "6"]
[White "Muench, Werner"]
[Black "Dornreiter, Michael"]
[Result "1-0"]
[WhiteElo "1608"]
[BlackElo "1475"]
[Annotator "ChessOrg"]
[PlyCount "59"]

1. d4 Nf6 2. Nf3 d6 3. c4 Bf5 4. Nc3 Nbd7 5. g3 c5 6. Bg2 e5 7. dxe5 dxe5 8.
Nh4 Be6 9. Bxb7 Bxc4 10. Bxa8 Qxa8 11. O-O Be7 12. Nf5 Be6 13. Nxg7+ Kf8 14.
Nxe6+ fxe6 15. Bh6+ Kf7 16. Qa4 Kg6 17. Be3 h5 18. Rad1 Nb6 19. Qc2+ Kf7 20.
Bg5 h4 21. Bxf6 h3 22. f3 Bxf6 23. e4 Qc6 24. Qe2 c4 25. f4 Nd7 26. f5 exf5 27.
Rxf5 Rh6 28. Qd2 Qb6+ 29. Kh1 Nc5 30. Qxh6 1-0

[Event "Bad Woerishofen op"]
[Site "?"]
[Date "2003.??.??"]
[Round "6"]
[White "Schoebel, Klaus"]
[Black "Breiter, Juergen"]
[Result "1/2-1/2"]
[WhiteElo "1598"]
[BlackElo "1308"]
[Annotator "ChessOrg"]
[PlyCount "45"]

1. e4 e5 2. Nf3 Nc6 3. Bc4 Be7 4. d4 d6 5. Be3 Nf6 6. Nbd2 O-O 7. d5 Nb8 8. O-O
Ng4 9. Qe1 Nxe3 10. Qxe3 b6 11. Be2 a5 12. c4 f5 13. exf5 Bxf5 14. Ne4 Bxe4 15.
Qxe4 Nd7 16. Bd3 Nf6 17. Qf5 Qd7 18. Ng5 g6 19. Qxd7 Nxd7 20. Ne6 Rfc8 21. f4
exf4 22. Rxf4 Nc5 23. Nxc5 1/2-1/2

[Event "Bad Woerishofen op"]
[Site "?"]
[Date "2003.??.??"]
[Round "6"]
[White "Dahmen, Juergen"]
[Black "Schenfeld, Waldemar"]
[Result "0-1"]
[WhiteElo "1560"]
[BlackElo "1462"]
[Annotator "ChessOrg"]
[PlyCount "100"]

1. c4 Nf6 2. Nc3 e6 3. e4 d6 4. d4 Be7 5. Bg5 c6 6. Nf3 O-O 7. Bd3 Re8 8. O-O
b6 9. Qc2 h6 10. Bxf6 Bxf6 11. e5 Be7 12. Rad1 d5 13. cxd5 cxd5 14. Nb5 Na6 15.
Rc1 Bb7 16. Qe2 Qd7 17. Rc2 Rec8 18. Rfc1 Bd8 19. Nd6 Rxc2 20. Rxc2 Nb4 21. Bb5
Qe7 22. Rc3 Nxa2 23. Ra3 Nb4 24. Rb3 a5 25. Rc3 Ba6 26. Bxa6 Nxa6 27. Qb5 Bc7
28. Rc6 Nb4 29. Rxb6 Bxb6 30. Qxb6 Qa7 31. Qb5 Rb8 32. Qe2 a4 33. Qd1 a3 34.
bxa3 Qxa3 35. h3 Nd3 36. Qc2 Qc1+ 37. Qxc1 Nxc1 38. Kh2 Nd3 39. Kg3 Rb2 40. Kg4
Nxf2+ 41. Kg3 g5 42. Ne8 Ne4+ 43. Kh2 Kf8 44. Nf6 Nxf6 45. exf6 Kg8 46. Kg3 Re2
47. Nh2 Re4 48. Nf3 Kh7 49. Ne5 Rxd4 50. Nxf7 Kg6 0-1

[Event "Bad Woerishofen op"]
[Site "?"]
[Date "2003.??.??"]
[Round "6"]
[White "Rothenhagen, Siegfried"]
[Black "Lang, Ludwig"]
[Result "1-0"]
[WhiteElo "1620"]
[BlackElo "1101"]
[Annotator "ChessOrg"]
[PlyCount "53"]

1. d4 d5 2. Nf3 Nf6 3. e3 e6 4. Bd3 Nc6 5. c3 Bd7 6. Nbd2 Bd6 7. e4 dxe4 8.
Nxe4 Nd5 9. O-O O-O 10. Re1 f5 11. Nxd6 cxd6 12. Bc4 Nc7 13. d5 exd5 14. Bxd5+
Kh8 15. Ng5 Qf6 16. Qb3 Nxd5 17. Qxd5 b6 18. Bf4 Ne7 19. Qxd6 Qxd6 20. Bxd6 Ng6
21. Bxf8 Rxf8 22. Rad1 Bc6 23. Rd6 Ba8 24. Red1 Ne7 25. Rd8 Kg8 26. Rxf8+ Kxf8
27. Rd8# 1-0

[Event "Bad Woerishofen op"]
[Site "?"]
[Date "2003.??.??"]
[Round "6"]
[White "Prigge, Joerg"]
[Black "Schweitzer, Paul"]
[Result "1/2-1/2"]
[WhiteElo "1543"]
[BlackElo "1743"]
[Annotator "ChessOrg"]
[PlyCount "42"]

1. d4 d5 2. c4 Nc6 3. Nf3 Nf6 4. Bf4 e6 5. e3 Be7 6. Nc3 dxc4 7. Bxc4 O-O 8.
O-O a6 9. a3 b5 10. Ba2 b4 11. axb4 Nxb4 12. Rc1 Nxa2 13. Nxa2 Nd5 14. Bg3 Rb8
15. e4 Rxb2 16. exd5 Rxa2 17. dxe6 Bxe6 18. Bxc7 Qa8 19. Ra1 Bd5 20. Rxa2 Bxa2
21. Qd3 Qd5 1/2-1/2

[Event "Bad Woerishofen op"]
[Site "?"]
[Date "2003.??.??"]
[Round "6"]
[White "Dittlow, Holger"]
[Black "Vu Van, Anh"]
[Result "0-1"]
[WhiteElo "1430"]
[BlackElo "1700"]
[Annotator "ChessOrg"]
[PlyCount "114"]

1. d4 d5 2. c4 Nf6 3. Nc3 Bf5 4. e3 e6 5. cxd5 Nxd5 6. Qb3 Bb4 7. Bd2 Bxc3 8.
Bxc3 b6 9. Nf3 O-O 10. Be2 Nd7 11. O-O Nxc3 12. Qxc3 Rc8 13. h3 c5 14. Ba6 Rc7
15. Rac1 Be4 16. Be2 Qe7 17. Rfd1 Nf6 18. dxc5 Rxc5 19. Qb4 Nd5 20. Qxe4 Rfc8
21. Rxc5 Rxc5 22. Qd3 g6 23. a3 Kg7 24. b4 Rc6 25. Qe4 Qc7 26. Qe5+ Kf8 27.
Qxc7 Rxc7 28. Rd4 Ke7 29. Rc4 Rb7 30. Nh2 b5 31. Rc1 a6 32. Bf3 Ra7 33. Bxd5
exd5 34. Nf3 f6 35. Nd4 Kd6 36. Rd1 Rc7 37. e4 Rc3 38. Nxb5+ axb5 39. Rxd5+ Kc6
40. Rd8 Rxa3 41. Rd4 Rc3 42. Kf1 Rc4 43. Rxc4+ bxc4 44. Ke1 Kb5 45. g4 Kxb4 46.
g5 fxg5 47. e5 Kc5 48. Kd2 Kd5 49. Kc3 Kxe5 50. Kxc4 Ke4 51. Kc5 Kf3 52. Kd5
Kxf2 53. Ke5 Kg3 54. Kf6 Kxh3 55. Kxg5 Kg3 56. Kh6 Kf4 57. Kxh7 g5 0-1

[Event "Bad Woerishofen op"]
[Site "?"]
[Date "2003.??.??"]
[Round "6"]
[White "von Saldern, Ruediger"]
[Black "Neumann, Peter"]
[Result "1/2-1/2"]
[WhiteElo "2143"]
[BlackElo "2026"]
[Annotator "ChessOrg"]
[PlyCount "36"]

1. d4 e6 2. Nf3 Nf6 3. c4 d5 4. Nc3 Be7 5. Bg5 O-O 6. e3 Nbd7 7. Bd3 dxc4 8.
Bxc4 c5 9. O-O cxd4 10. exd4 Nb6 11. Bd3 Nbd5 12. Rc1 h6 13. Bh4 b6 14. Bb1 Bb7
15. Qd3 Nxc3 16. Rxc3 Be4 17. Qe2 Bxb1 18. Rxb1 Nd5 1/2-1/2

[Event "Bad Woerishofen op"]
[Site "?"]
[Date "2003.??.??"]
[Round "6"]
[White "Kuhn, Hans"]
[Black "Werninghaus, Klaus-Peter"]
[Result "1/2-1/2"]
[WhiteElo "1311"]
[BlackElo "1504"]
[Annotator "ChessOrg"]
[PlyCount "67"]

1. e4 c6 2. Nf3 d5 3. exd5 cxd5 4. d4 Nf6 5. Nc3 e6 6. Be2 Bd6 7. O-O O-O 8.
Be3 a6 9. Ne5 Nbd7 10. Nxd7 Bxd7 11. Qd2 Bc6 12. h3 b5 13. a3 e5 14. dxe5 Bxe5
15. Bd4 Re8 16. Rad1 Ne4 17. Qe3 Bh2+ 18. Kxh2 Qd6+ 19. Kg1 Nxc3 20. Qxc3 Rxe2
21. Rd3 Re6 22. Re1 Rxe1+ 23. Qxe1 Re8 24. Re3 Re4 25. c3 Qe6 26. f3 Rxe3 27.
Qxe3 Qxe3+ 28. Bxe3 f5 29. f4 Kf7 30. Kf2 Ke6 31. h4 g6 32. g3 h5 33. Bd4 a5
34. b4 1/2-1/2

[Event "Bad Woerishofen op"]
[Site "?"]
[Date "2003.??.??"]
[Round "7"]
[White "Kengis, Edvins"]
[Black "Jenni, Florian"]
[Result "1/2-1/2"]
[WhiteElo "2578"]
[BlackElo "2516"]
[Annotator "ChessOrg"]
[PlyCount "146"]

1. Nf3 Nf6 2. c4 e6 3. g3 d5 4. b3 Be7 5. Bg2 O-O 6. O-O b6 7. Bb2 Bb7 8. e3 c5
9. Nc3 Nc6 10. cxd5 Nxd5 11. Nxd5 exd5 12. d4 Qd7 13. Qd2 Rfd8 14. Rfd1 a5 15.
Bc3 Bf8 16. Qb2 h6 17. Rac1 Qe6 18. dxc5 bxc5 19. Ne1 Rab8 20. Nd3 d4 21. exd4
cxd4 22. Bd2 Nb4 23. Bxb4 Bxb4 24. Bxb7 Rxb7 25. Nf4 Qb6 26. Rc4 Bc3 27. Qe2
Rbb8 28. Qg4 g6 29. Qf3 Qf6 30. Rc6 Qf5 31. g4 Qg5 32. h4 Qxh4 33. Nxg6 Qg5 34.
Nf4 Rbc8 35. Rxc8 Rxc8 36. Nd5 Kg7 37. Kf1 Qe5 38. Kg2 Re8 39. Rh1 Qe4 40. Qxe4
Rxe4 41. Kf3 Re5 42. Rh5 Re1 43. Nxc3 dxc3 44. Rc5 Rc1 45. Rxa5 Ra1 46. Rc5
Rxa2 47. Rxc3 Rb2 48. Kg3 Kg6 49. f3 f5 50. Rc6+ Kf7 51. Rb6 fxg4 52. Kxg4 Rg2+
53. Kh3 Rg1 54. b4 h5 55. b5 Rh1+ 56. Kg2 Rb1 57. Rb8 Ke6 58. b6 Kd7 59. Kg3
Rb3 60. b7 Kc7 61. Rh8 Kxb7 62. Rxh5 Kc6 63. Re5 Kd6 64. Re8 Rb7 65. Re3 Rb8
66. f4 Rg8+ 67. Kf3 Rg7 68. Re5 Re7 69. Ra5 Ke6 70. Kg4 Rg7+ 71. Rg5 Ra7 72.
Rg6+ Kf7 73. Rb6 Ra5 1/2-1/2

[Event "Bad Woerishofen op"]
[Site "?"]
[Date "2003.??.??"]
[Round "7"]
[White "Handke, Florian"]
[Black "Teske, Henrik"]
[Result "1/2-1/2"]
[WhiteElo "2516"]
[BlackElo "2531"]
[Annotator "ChessOrg"]
[PlyCount "59"]

1. e4 e5 2. Nf3 Nc6 3. Bb5 Nf6 4. d3 d6 5. c3 g6 6. Nbd2 Bg7 7. O-O O-O 8. Re1
Bd7 9. Ba4 Re8 10. Nc4 Rb8 11. Ne3 Ng4 12. Nd5 Ne7 13. Bg5 f6 14. Bb3 Kh8 15.
Bd2 Nxd5 16. Bxd5 Qe7 17. d4 c6 18. Bb3 Rbd8 19. h3 Nh6 20. Be3 b6 21. a4 c5
22. Bd5 Be6 23. Qb3 Bxd5 24. Qxd5 exd4 25. Bxh6 Bxh6 26. cxd4 Qe6 27. b3 Re7
28. Rad1 Rde8 29. Kf1 Kg7 30. h4 1/2-1/2

[Event "Bad Woerishofen op"]
[Site "?"]
[Date "2003.??.??"]
[Round "7"]
[White "Sandipan, Chanda"]
[Black "Korneev, Oleg"]
[Result "0-1"]
[WhiteElo "2464"]
[BlackElo "2613"]
[Annotator "ChessOrg"]
[PlyCount "108"]

1. e4 e5 2. Nf3 Nc6 3. Bb5 a6 4. Bxc6 dxc6 5. Nc3 f6 6. d4 exd4 7. Nxd4 c5 8.
Nde2 Qxd1+ 9. Nxd1 Be6 10. Bf4 O-O-O 11. Ne3 Ne7 12. Bg3 Nc6 13. Nf4 Bf7 14.
Nfd5 Nb4 15. Nxc7 Bd6 16. Ncd5 Bxg3 17. hxg3 Bxd5 18. exd5 Nxd5 19. Rh5 g5 20.
Ke2 Nxe3 21. fxe3 Rd6 22. Rd1 Rxd1 23. Kxd1 Kd7 24. Ke2 Ke6 25. g4 h6 26. Kf3
c4 27. Rh1 b5 28. Rd1 Rc8 29. e4 c3 30. b3 Rc6 31. Ke3 b4 32. Rd5 Rb6 33. Kd4
Rc6 34. Kd3 Rc8 35. Rd4 Rb8 36. g3 Rb6 37. a3 bxa3 38. Ra4 Rd6+ 39. Kxc3 Ke5
40. Rxa3 Kxe4 41. Kb4 h5 42. gxh5 f5 43. Ra5 f4 44. Rxg5 f3 45. Rg4+ Ke3 46.
Rf4 f2 47. Ka5 Rd1 48. h6 f1=Q 49. Rxf1 Rxf1 50. g4 Kd4 51. Kxa6 Rf6+ 52. Kb5
Rxh6 53. c4 Rh8 54. Kc6 Rg8 0-1

[Event "Bad Woerishofen op"]
[Site "?"]
[Date "2003.??.??"]
[Round "7"]
[White "Heika, Martin"]
[Black "Kveinys, Aloyzas"]
[Result "0-1"]
[WhiteElo "2355"]
[BlackElo "2541"]
[Annotator "ChessOrg"]
[PlyCount "52"]

1. e4 Nf6 2. e5 Nd5 3. c4 Nb6 4. d4 d6 5. exd6 cxd6 6. Nf3 g6 7. Be2 Bg7 8. Nc3
O-O 9. O-O Nc6 10. h3 Bf5 11. Bg5 h6 12. Be3 d5 13. c5 Nc4 14. Bf4 Nxb2 15. Qd2
Nc4 16. Qc1 g5 17. Nxd5 gxf4 18. Bxc4 e6 19. Nxf4 Nxd4 20. Nh2 Rc8 21. Qd1 Bc2
22. Qd2 Rxc5 23. Bd3 Be5 24. Rae1 Bxf4 25. Qxf4 Bxd3 26. Qg3+ Bg6 0-1

[Event "Bad Woerishofen op"]
[Site "?"]
[Date "2003.??.??"]
[Round "7"]
[White "Thiel, Thomas"]
[Black "Levin, Felix"]
[Result "0-1"]
[WhiteElo "2309"]
[BlackElo "2523"]
[Annotator "ChessOrg"]
[PlyCount "66"]

1. e4 c5 2. Nf3 e6 3. Nc3 a6 4. g3 b5 5. d4 cxd4 6. Nxd4 Bb7 7. Bg2 Nf6 8. O-O
b4 9. Nce2 Bxe4 10. Bxe4 Nxe4 11. Nf4 Nf6 12. Qf3 Ra7 13. Be3 Rc7 14. Rad1 Qc8
15. g4 Qb7 16. Qh3 g6 17. Nd3 Bg7 18. Bf4 Rc4 19. Ne5 Rc8 20. Bh6 O-O 21. Rfe1
Rfe8 22. Bxg7 Kxg7 23. g5 Nh5 24. Ng4 d6 25. Nf6 Nxf6 26. Qh6+ Kh8 27. gxf6 Rg8
28. Nxe6 fxe6 29. Rxe6 Rc7 30. Rde1 Nc6 31. Re8 Ne5 32. R1xe5 dxe5 33. Qf8 Qd5
0-1

[Event "Bad Woerishofen op"]
[Site "?"]
[Date "2003.??.??"]
[Round "7"]
[White "Seifert, Volker"]
[Black "Kuprejchik, Victor"]
[Result "1/2-1/2"]
[WhiteElo "2310"]
[BlackElo "2490"]
[Annotator "ChessOrg"]
[PlyCount "143"]

1. d4 d5 2. c4 c6 3. Nc3 Nf6 4. Nf3 dxc4 5. a4 Bf5 6. Ne5 Nbd7 7. Nxc4 Nb6 8.
Ne5 a5 9. f3 Nfd7 10. Nxd7 Nxd7 11. e4 Bg6 12. Be3 e6 13. Bc4 Bb4 14. O-O O-O
15. Qe2 Qe7 16. Rad1 Kh8 17. Bf2 Rac8 18. Bb3 Rfe8 19. Kh1 f6 20. Na2 Bd6 21.
Qd2 Bc7 22. Bg1 Red8 23. Qe2 Bf7 24. Rfe1 Bb6 25. Nc3 Qb4 26. Qc2 Bg8 27. Na2
Qf8 28. Nc3 h6 29. Rd2 c5 30. Qd1 cxd4 31. Bxd4 Bxd4 32. Rxd4 Nc5 33. Rxd8 Rxd8
34. Qc2 Nxb3 35. Qxb3 Qb4 36. Qxb4 axb4 37. Rd1 Ra8 38. Nb5 Rxa4 39. Kg1 e5 40.
Nd6 b6 41. Kf2 Be6 42. Ke3 Ra2 43. Rd2 Kg8 44. g3 Ra1 45. f4 Re1+ 46. Kf2 Rc1
47. Ke3 Kf8 48. fxe5 fxe5 49. Nf5 Bxf5 50. exf5 Ke7 51. g4 Re1+ 52. Kf2 Rb1 53.
Kf3 b3 54. h4 Re1 55. g5 hxg5 56. hxg5 Rg1 57. f6+ gxf6 58. gxf6+ Ke6 59. Rd3
Rf1+ 60. Ke3 Rxf6 61. Rxb3 Kf5 62. Rb5 Rh6 63. Kf3 Rc6 64. Ke3 Rd6 65. Kf3 Rh6
66. Ke3 Rh3+ 67. Ke2 Kf4 68. Rxb6 Rh2+ 69. Kf1 Ke3 70. Rb3+ Kd2 71. Rb8 e4 72.
Rd8+ 1/2-1/2

[Event "Bad Woerishofen op"]
[Site "?"]
[Date "2003.??.??"]
[Round "7"]
[White "Pitl, Gregory"]
[Black "Kunin, Vitaly"]
[Result "0-1"]
[WhiteElo "2280"]
[BlackElo "2476"]
[Annotator "ChessOrg"]
[PlyCount "64"]

1. e4 b6 2. d4 Bb7 3. Bd3 Nf6 4. Qe2 Nc6 5. c3 e5 6. Nf3 exd4 7. e5 Nd5 8. Be4
Nde7 9. O-O dxc3 10. Nxc3 Ng6 11. g3 Bc5 12. h4 Nf8 13. Bg5 Qc8 14. Rfd1 Ne6
15. a3 h6 16. Bf4 a5 17. Rac1 a4 18. Qc4 Ra5 19. Qf1 Ncd4 20. Nxd4 Bxd4 21. Qg2
Bxe4 22. Qxe4 Bxc3 23. Rxc3 O-O 24. Be3 Qa8 25. Qg4 Rxe5 26. Rxd7 Qe4 27. Rc4
Qxg4 28. Rxg4 Rb5 29. Bxh6 Rxb2 30. h5 Kh7 31. Bd2 Rb3 32. Rxa4 Nc5 0-1

[Event "Bad Woerishofen op"]
[Site "?"]
[Date "2003.??.??"]
[Round "7"]
[White "Schuette, Marc"]
[Black "Kohlweyer, Bernd"]
[Result "1/2-1/2"]
[WhiteElo "2232"]
[BlackElo "2454"]
[Annotator "ChessOrg"]
[PlyCount "93"]

1. e4 c5 2. c3 Nf6 3. e5 Nd5 4. d4 cxd4 5. Nf3 e6 6. cxd4 d6 7. a3 Bd7 8. Bd3
Bc6 9. O-O Nd7 10. Qe2 Qc7 11. b4 a6 12. Re1 dxe5 13. Nxe5 Nxe5 14. dxe5 g6 15.
Ra2 Bg7 16. Rc2 O-O 17. Nc3 Nxc3 18. Rxc3 Rfd8 19. Bg5 Rd7 20. Qe3 Rd5 21. f4
Qd7 22. Be4 Rd1 23. Bxc6 bxc6 24. Rxd1 Qxd1+ 25. Kf2 a5 26. Rd3 Qa4 27. Qd2 h6
28. Rd8+ Rxd8 29. Qxd8+ Kh7 30. Be7 Qc2+ 31. Kf3 Qb3+ 32. Kf2 Qb2+ 33. Ke1 axb4
34. axb4 Qc1+ 35. Ke2 Qxf4 36. Bf6 Qxb4 37. h4 Qb7 38. g4 c5 39. g5 h5 40. Ke3
c4 41. Qe8 Qa7+ 42. Ke2 Qa2+ 43. Kf1 Qb1+ 44. Ke2 Qb2+ 45. Kf1 Qb1+ 46. Ke2
Qd3+ 47. Kf2 1/2-1/2

[Event "Bad Woerishofen op"]
[Site "?"]
[Date "2003.??.??"]
[Round "7"]
[White "Prie, Eric"]
[Black "Schuette, Manfred"]
[Result "1-0"]
[WhiteElo "2446"]
[BlackElo "2280"]
[Annotator "ChessOrg"]
[PlyCount "47"]

1. e4 c5 2. Nf3 d6 3. d4 cxd4 4. Nxd4 Nf6 5. Nc3 g6 6. Be3 Bg7 7. f3 O-O 8. Qd2
Nc6 9. Bc4 Nd7 10. h4 Nb6 11. Bb3 Na5 12. Qd3 Nxb3 13. axb3 d5 14. Nde2 Qc7 15.
exd5 Bf5 16. Qd2 Rfd8 17. h5 gxh5 18. Nf4 h4 19. Rxh4 Bf6 20. Rh1 e6 21. O-O-O
Nxd5 22. Nfxd5 Rxd5 23. Nxd5 exd5 24. Rh5 1-0

[Event "Bad Woerishofen op"]
[Site "?"]
[Date "2003.??.??"]
[Round "7"]
[White "Sprenger, Jan"]
[Black "Daeubler, Heinrich"]
[Result "1-0"]
[WhiteElo "2431"]
[BlackElo "2180"]
[Annotator "ChessOrg"]
[PlyCount "85"]

1. e4 e5 2. Nf3 Nc6 3. Bb5 Nf6 4. O-O Nxe4 5. d4 Nd6 6. Bxc6 dxc6 7. dxe5 Nf5
8. Qxd8+ Kxd8 9. Nc3 Bd7 10. h3 h6 11. Bf4 Kc8 12. Rad1 g5 13. Bh2 c5 14. g4
Ne7 15. Nd2 b6 16. Nc4 Be6 17. Ne3 Bg7 18. Ne4 Kb7 19. Nf6 Nc6 20. f4 gxf4 21.
Bxf4 Bxf6 22. exf6 h5 23. Kf2 a5 24. a3 hxg4 25. hxg4 a4 26. Kg3 Rhg8 27. c3
Na5 28. g5 Kc6 29. Ng4 Nc4 30. Bc1 Kb5 31. Nh6 Nxb2 32. Rde1 Bc4 33. Nxg8 Rxg8
34. Bxb2 Bxf1 35. Rxf1 Rxg5+ 36. Kf4 Rg2 37. Bc1 Kc4 38. Rd1 Rf2+ 39. Kg5 Kxc3
40. Rd7 Kc2 41. Bf4 Kb3 42. Rxf7 Kxa3 43. Re7 1-0

[Event "Bad Woerishofen op"]
[Site "?"]
[Date "2003.??.??"]
[Round "7"]
[White "Babar, Michael"]
[Black "Donchenko, Anatoli"]
[Result "0-1"]
[WhiteElo "2187"]
[BlackElo "2463"]
[Annotator "ChessOrg"]
[PlyCount "48"]

1. d4 d5 2. e3 Nd7 3. f4 g6 4. Bd3 Bg7 5. c4 dxc4 6. Bxc4 c5 7. d5 Nb6 8. Nc3
Bxc3+ 9. bxc3 Nf6 10. Bb2 O-O 11. Qe2 Nxc4 12. Qxc4 Qxd5 13. Qxd5 Nxd5 14. Kf2
Nf6 15. Nf3 Ne4+ 16. Ke2 Be6 17. Rhd1 Rfd8 18. Nd2 Nxd2 19. Rxd2 Bg4+ 20. Ke1
Rxd2 21. Kxd2 Rd8+ 22. Kc2 Bf5+ 23. Kb3 Rd2 24. Rg1 Be6+ 0-1

[Event "Bad Woerishofen op"]
[Site "?"]
[Date "2003.??.??"]
[Round "7"]
[White "Keller, Manfred"]
[Black "Henrichs, Thomas"]
[Result "1/2-1/2"]
[WhiteElo "2214"]
[BlackElo "2438"]
[Annotator "ChessOrg"]
[PlyCount "61"]

1. e4 c5 2. Nf3 e6 3. c3 Nf6 4. e5 Nd5 5. g3 d6 6. exd6 Bxd6 7. Bg2 O-O 8. O-O
Nc6 9. d4 cxd4 10. Nxd4 Bd7 11. c4 Nde7 12. Nc3 Nxd4 13. Qxd4 Bc6 14. Ne4 Nf5
15. Qc3 Bc7 16. Be3 Nxe3 17. Qxe3 Be5 18. Rfd1 Qb6 19. Rab1 Qxe3 20. fxe3 Rfd8
21. b3 Bc7 22. Nf2 Bxg2 23. Kxg2 f5 24. e4 f4 25. gxf4 Bxf4 26. Rxd8+ Rxd8 27.
Rd1 Rxd1 28. Nxd1 Kf7 29. Nf2 Kf6 30. Nd3 Bd6 31. b4 1/2-1/2

[Event "Bad Woerishofen op"]
[Site "?"]
[Date "2003.??.??"]
[Round "7"]
[White "Sailer, Wolfgang"]
[Black "Pirrot, Dieter"]
[Result "0-1"]
[WhiteElo "2182"]
[BlackElo "2411"]
[Annotator "ChessOrg"]
[PlyCount "68"]

1. d4 d5 2. Nf3 Nc6 3. c4 Bg4 4. cxd5 Bxf3 5. gxf3 Qxd5 6. e3 e5 7. Nc3 Bb4 8.
Bd2 Bxc3 9. bxc3 Qd6 10. Rb1 O-O-O 11. Qb3 b6 12. Qxf7 Kb8 13. Bh3 exd4 14.
cxd4 Nh6 15. Qc4 Qf6 16. f4 Ne7 17. Rc1 c6 18. a4 Nhf5 19. a5 b5 20. Qc2 Rhe8
21. O-O Nh4 22. Kh1 g5 23. Qe4 Nd5 24. fxg5 Qxg5 25. Qg4 Qf6 26. e4 Rg8 27. e5
Qf8 28. Qe2 Nf3 29. Bh6 Qxh6 30. Qxf3 Rdf8 31. Qe4 Nf4 32. Rg1 Nxh3 33. Rxg8
Rxg8 34. Rf1 Nxf2+ 0-1

[Event "Bad Woerishofen op"]
[Site "?"]
[Date "2003.??.??"]
[Round "7"]
[White "Hermann, Manfred"]
[Black "Poettinger, Harald"]
[Result "1/2-1/2"]
[WhiteElo "2341"]
[BlackElo "2230"]
[Annotator "ChessOrg"]
[PlyCount "30"]

1. e4 e5 2. Nf3 d6 3. d4 exd4 4. Nxd4 Nf6 5. Nc3 Be7 6. Be2 O-O 7. O-O c5 8.
Nf3 Nc6 9. h3 a6 10. a4 Nb4 11. Nd2 b6 12. f4 Bb7 13. Bf3 Qc7 14. Nc4 Rad8 15.
Nd5 Nbxd5 1/2-1/2

[Event "Bad Woerishofen op"]
[Site "?"]
[Date "2003.??.??"]
[Round "7"]
[White "Ashton, Adam"]
[Black "Lieb, Harald"]
[Result "1/2-1/2"]
[WhiteElo "2175"]
[BlackElo "2336"]
[Annotator "ChessOrg"]
[PlyCount "115"]

1. e4 e6 2. Nf3 d5 3. Nc3 Nf6 4. e5 Nfd7 5. d4 c5 6. dxc5 Nc6 7. Bf4 Bxc5 8.
Bd3 a6 9. Qe2 Nd4 10. Nxd4 Bxd4 11. O-O h6 12. Rfe1 Qa5 13. Nd1 Nc5 14. c3 Nxd3
15. Qxd3 Ba7 16. Be3 Bb8 17. Bd4 Qd8 18. Ne3 Bd7 19. f4 Bc6 20. Qd1 Ba7 21. Rf1
Bxd4 22. Qxd4 f5 23. exf6 Qxf6 24. Qc5 Qe7 25. Qd4 Qf6 26. Nc2 O-O 27. Rae1
Rae8 28. Qe3 Bb5 29. Rf3 Bd7 30. Nd4 Rf7 31. Qe5 Qxe5 32. Rxe5 Kf8 33. g3 Rfe7
34. Rfe3 Kf7 35. h4 g6 36. Kf2 h5 37. Nf3 Kf6 38. Nd4 Ba4 39. Re1 Bd7 40. Ke3
Rc8 41. Kd2 Rce8 42. Rg1 Rh7 43. Nf3 Reh8 44. Rge1 Re7 45. Rf1 Reh7 46. Rg5 Be8
47. Rc1 Rc7 48. Re5 Bd7 49. Rce1 Re8 50. Nd4 Rcc8 51. Kd3 Kf7 52. Rg5 Kf6 53.
Nf3 Rh8 54. Rg1 Be8 55. Kd2 Rc7 56. Re5 Rc8 57. Nd4 Bd7 58. Rge1 1/2-1/2

[Event "Bad Woerishofen op"]
[Site "?"]
[Date "2003.??.??"]
[Round "7"]
[White "Dittmar, Peter"]
[Black "Wittfoth, Kai-Uwe"]
[Result "1-0"]
[WhiteElo "2320"]
[BlackElo "2175"]
[Annotator "ChessOrg"]
[PlyCount "93"]

1. d4 Nf6 2. c4 e6 3. Nc3 Bb4 4. Qc2 c5 5. dxc5 Bxc5 6. Nf3 d5 7. cxd5 Nxd5 8.
Nxd5 Qxd5 9. Bd2 O-O 10. Rc1 Nd7 11. e4 Qh5 12. Be2 Bb6 13. O-O Ne5 14. Bc3
Nxf3+ 15. Bxf3 Qg6 16. Rfd1 Re8 17. Qa4 f6 18. e5 fxe5 19. Bxe5 Rf8 20. Bg3 e5
21. Bd5+ Be6 22. Bxb7 Rab8 23. Be4 Qf7 24. Qc2 g6 25. b3 Rbc8 26. Qd2 Bd4 27.
Rxc8 Rxc8 28. Rc1 Rd8 29. Qe2 Rd6 30. h3 Qd7 31. Kh2 Bd5 32. Bxd5+ Rxd5 33. Qc4
h5 34. f3 Kf7 35. Re1 Kf6 36. Qc1 Ra5 37. Re2 Qb5 38. Rc2 Ra6 39. Bh4+ Ke6 40.
Rc4 Qb8 41. Rc7 Qb5 42. Qg5 Qf1 43. Qe7+ Kd5 44. Rd7+ Kc6 45. Qd6+ Kb5 46. a4+
Ka5 47. Bd8+ 1-0